| 000 | 00746cam a2200217 i 4500 | ||
|---|---|---|---|
| 005 | 20260129114328.0 | ||
| 008 | 250721s2022 jo gr 000 0 ara d | ||
| 082 | 1 | 4 |
_a371 _bن و ف |
| 100 | 1 |
_aنوفل، محمدبكر _eمؤلف. |
|
| 240 | 1 | 0 | _aclassroom environment management |
| 245 | 1 | 0 |
_aادارة البيئة الصفية / _cالدكتور محمد بكر نوفل. |
| 250 | _aالطبعة الاولى. | ||
| 264 | 3 | 1 |
_aعمان : _bدار المسيرة، _c2022. |
| 300 | _a400صفحة. | ||
| 650 | 1 | 7 | _aالادارة الصفية. |
| 650 | 1 | 7 | _aمهارات التدريس. |
| 650 | 1 | 7 | _aالمدرسون. |
| 650 | 1 | 7 | _aالادارة التربوية. |
| 942 |
_2ddc _cBK |
||
| 999 |
_c144495 _d144495 |
||